| 000 | 00707 a2200193 4500 | ||
|---|---|---|---|
| 999 |
_c26321 _d26321 |
||
| 010 | _aB-285054, B-215814 | ||
| 020 |
_a8129102986 _c295.00 |
||
| 020 |
_a9788129102980 _c295.00 |
||
| 035 | _aB-285054, B-215814,B-215811 | ||
| 037 | _bUBH | ||
| 082 | _aN | ||
| 100 | _aMenon, Ramesh | ||
| 245 |
_aTwo thrillers: _cby Ramesh Menon _bthe hunt for K and a whiff of old evil / |
||
| 260 |
_aNew Delhi _bRupa _c2003 |
||
| 270 |
_a7/16, Ansari Road, Darya Ganj _bNew Delhi _e110002 |
||
| 300 |
_a416p. _c20cm. (pbk) |
||
| 942 |
_adpl _cEN _2ddc _hN _mMEN |
||